00463pam a2200145 a 4500020003700000040000800037082002600045100001600071245008400087260005600171300003500227650001500262650001900277650002100296 a0803990014 (pb : acidfree paper) cDLC00a301 PIN 1993 A014 Or.1 aLevin Jack,10aSociological snapshots :bseeing social structure and change in everyday life / aThousand Oaks [Calif.] :bPine Forge Press,cc1993. axvii, 158 p. :bill. ;c23 cm. 0aSociology. 0aSocial change. 0aSocial structure